|
|
|
|
| LEADER |
01284nam a22002897a 4500 |
| 001 |
40989 |
| 003 |
BD-DhAAL |
| 008 |
230307t2023 bg ||||| |||| 00| 0 ben d |
| 020 |
|
|
|a 9789848044803
|
| 040 |
|
|
|a BD-DhAAL
|c BD-DhAAL
|
| 041 |
|
|
|a ben
|
| 082 |
|
|
|a 891.4414
|2 23
|
| 100 |
|
|
|a ঠাকুর, রবীন্দ্রনাথ,
|d ১৮৬১-১৯৪১.
|9 53805
|
| 245 |
|
|
|a গীতবিতান,
|n অখণ্ড /
|c রবীন্দ্রনাথ ঠাকুর.
|
| 260 |
|
|
|a ঢাকা :
|b বিশ্বসাহিত্য ভবন,
|c ২০২৩.
|
| 300 |
|
|
|a ৭২০ পৃষ্ঠা ;
|c ২২ সে.মি.
|
| 362 |
|
|
|a অখণ্ড
|
| 526 |
|
|
|a ARC
|
| 541 |
|
|
|a Development Book Agency
|e 40989
|
| 600 |
|
|
|a Tagore, Rabindranath,
|d 1861-1941.
|
| 650 |
|
|
|a Songs, Bengali.
|
| 650 |
|
|
|a Bengali poetry.
|
| 650 |
|
|
|a Bengali literature.
|
| 852 |
|
|
|a Ayesha Abed Library
|
| 942 |
|
|
|2 ddc
|c BK
|
| 999 |
|
|
|c 45569
|d 45569
|
| 952 |
|
|
|0 0
|1 1
|2 ddc
|4 0
|6 891_441400000000000_TAG
|7 0
|9 73347
|a ARC
|b ARC
|c GEN
|d 2023-03-07
|e Development Book Agency
|g 550.00
|l 0
|o 891.4414 TAG
|p 3010040989
|r 2023-03-07
|t 1
|v 550.00
|w 2023-03-07
|y BK
|x lost from the ARC department library and approved by the Dean (reasons personal books withdrawn by Hasibul Kabir Sir and Building shifting)
|